000 00342nam a2200145Ia 4500
008 210210b1902 xxu||||| |||| 00| 0 eng d
041 _aeng
082 _a825/1166
100 _aSYDNEY (Philip)
245 _aSymonds
260 _aLondon
_bMacmillan & Co. Ltd.
_c1902
650 _aSymonds
690 _aEnglish Criticism
906 _a015480
999 _c134849
_d134849